| Поле | Инд. | ПП | Название | Значение |
|---|---|---|---|---|
| Тип записи | a | |||
| Библиографический уровень | b | |||
| 001 | Контрольный номер | RU/IS/BASE/106149760 | ||
| 005 | Дата корректировки | 20200522190759.9 | ||
| 084 | a | Индекс другой классификации/Индекс ББК | 26.9(5Коо)0 | |
| 100 | 1_ | a | Автор | Волков В. |
| 245 | a | Заглавие | В одной, отдельно взятой... | |
| 650 | a | Основная рубрика | науки о Земле | |
| a | Основная рубрика | страноведение | ||
| 653 | a | Ключевые слова | Корейская Народно-Демократическая Республика (КНДР) | |
| a | Ключевые слова | население | ||
| a | Ключевые слова | национальные традиции | ||
| a | Ключевые слова | Пхеньян | ||
| 773 | t | Заглавие источника | GEO | |
| d | Дата издания источника | 2003 | ||
| g | Прочая информация | № 5. - С. 26 - 38 : фот. | ||
| w | Контрольный № источника | RU/IS/BASE/104333250 | ||
| 901 | t | Тип документа | b |